00942 2200325 4500001002100000005001500021035002500036008004100061020001800102082001500120090001900135100002700154245008500181250002600266260003500292504003600327650003600363700002300399850001200422007000300434040001700437084001700454300003500471990001800506990001800524990001800542990001800560990001800578990002000596YOGYA-0511000000034020211013025856 a0010-051100000000340110504s2010 yoia g ind  a979-788-163-604222a353.04 aR 353.04 GUN p0 aGuntur Wigunaepenulis0 aProfil lengkap kabinet Indonesia bersatu II /cGuntur Wiguna; penyunting, Ratino aCetakan pertama, 201031aYogyakarta :bMed Press,c2010 aBibliografi : halaman 263 - 264 4aKabinet pemerintah--zIndonesia0 aRatinoepenyunting aYOPDYOGta aYOPDYOGbind a353.04 GUN p a264 halaman :bgambar ;c23 cm a52311-PD/B.10 a52313-PD/B.10 a52312-PD/B.10 a52311-PD/B.10 a52312-PD/B.10 a42610-PD/B.2021